Dieletric behaviour of silica filled vinyl solution-SBR in the presence of silane coupling agent (Record no. 57169)

MARC details
000 -LEADER
fixed length control field 00729nam a2200265Ia 4500
100 ## - MAIN ENTRY--AUTHOR NAME
Personal name Ward A A
245 #0 - TITLE STATEMENT
Title Dieletric behaviour of silica filled vinyl solution-SBR in the presence of silane coupling agent
260 ## - PUBLICATION, DISTRIBUTION, ETC. (IMPRINT)
Name of publisher Kautschuk Gummi Kunststoffe
Year of publication 2006
300 ## - PHYSICAL DESCRIPTION
Number of Pages 654-658
650 ## - SUBJECT ADDED ENTRY--TOPICAL TERM
Topical Term Dielectric loss
650 ## - SUBJECT ADDED ENTRY--TOPICAL TERM
Topical Term Dielectric relaxation
650 ## - SUBJECT ADDED ENTRY--TOPICAL TERM
Topical Term Permittivity
650 ## - SUBJECT ADDED ENTRY--TOPICAL TERM
Topical Term Silane coupling agent
650 ## - SUBJECT ADDED ENTRY--TOPICAL TERM
Topical Term Silica
650 ## - SUBJECT ADDED ENTRY--TOPICAL TERM
Topical Term Styrene butadiene rubber
700 ## - ADDED ENTRY--PERSONAL NAME
Personal name Bishai A M
700 ## - ADDED ENTRY--PERSONAL NAME
Personal name Hanna F F
700 ## - ADDED ENTRY--PERSONAL NAME
Personal name Herminghaus S
700 ## - ADDED ENTRY--PERSONAL NAME
Personal name Mansour A A
700 ## - ADDED ENTRY--PERSONAL NAME
Personal name Stoll B
700 ## - ADDED ENTRY--PERSONAL NAME
Personal name von Soden W
700 ## - ADDED ENTRY--PERSONAL NAME
Personal name Yehia A A
942 ## - ADDED ENTRY ELEMENTS (KOHA)
Koha item type Journals
Holdings
Withdrawn status Lost status Damaged status Not for loan Home library Current library Shelving location Date acquired Serial Enumeration / chronology Koha item type
      Journals RRII Library RRII Library Rubber chemistry 30/01/2007 Volume 59, Issue 12 Journals